| 000 | 00571cam a2200181 4500500 | ||
|---|---|---|---|
| 005 | 20260329005431.0 | ||
| 041 | _afre | ||
| 042 | _adc | ||
| 100 | 1 | 0 |
_aManzini, Frédéric _eauthor |
| 245 | 0 | 0 | _aLévi-Strauss et l’anthropologie sociale |
| 260 | _c2023. | ||
| 500 | _a81 | ||
| 690 | _aAnthropologie | ||
| 690 | _aClaude Lévi-Strauss | ||
| 690 | _aColonialisme | ||
| 786 | 0 | _nPhilosophie magazine | 172 | 9 | 2023-09-01 | p. 44-44 | 1951-1787 | |
| 856 | 4 | 1 | _uhttps://shs.cairn.info/magazine-philosophie-magazine-2023-9-page-44?lang=fr&redirect-ssocas=7080 |
| 999 |
_c1843373 _d1843373 |
||